Biblioteca y Centro de Documentación

Human capital and the wealth of nations (Registro nro. 45661)

Detalles MARC
000 -CABECERA
Longitud fija campo de control 01012naa a2200277 4500
001 - NÚMERO DE CONTROL
Número de control 45661
003 - IDENTIFICADOR DE NÚMERO DE CONTROL
Identificador del número de control ES-MaCES
005 - FECHA Y HORA DE LA ÚLTIMA TRANSACCIÓN
Fecha y hora de la última transacción 20141215143334.0
008 - CAMPO FIJO DE DESCRIPCIÓN FIJA--INFORMACIÓN GENERAL
Códigos de información de longitud fija   000000s2014 xxu||||| t||||||| ||eng d
040 ## - FUENTE DE CATALOGACIÓN
Centro catalogador de origen ES-MaCES
Lengua de catalogación spa
Centro transcriptor ES-MaCES
100 1# - ENCABEZAMIENTO PRINCIPAL--NOMBRE PERSONAL
9 (RLIN) 17416
Nombre de persona Manuelli, Rodolfo E.
245 10 - MENCIÓN DE TÍTULO
Título Human capital and the wealth of nations
Mención de responsabilidad, etc. By Rodolfo E. Manuelli and Ananth Seshadri
500 ## - NOTA GENERAL
Nota general Resumen
504 ## - NOTA DE BIBLIOGRAFÍA, ETC.
Nota de bibliografía, etc. Bibliografía: p. 2761-2762
650 #4 - ASIENTO SECUNDARIO DE MATERIA--TÉRMINO DE MATERIA
9 (RLIN) 29498
Término de materia o nombre geográfico como elemento inicial capital humano
650 #4 - ASIENTO SECUNDARIO DE MATERIA--TÉRMINO DE MATERIA
9 (RLIN) 29375
Término de materia o nombre geográfico como elemento inicial riqueza
650 #4 - ASIENTO SECUNDARIO DE MATERIA--TÉRMINO DE MATERIA
9 (RLIN) 28259
Término de materia o nombre geográfico como elemento inicial productividad
650 #4 - ASIENTO SECUNDARIO DE MATERIA--TÉRMINO DE MATERIA
9 (RLIN) 27367
Término de materia o nombre geográfico como elemento inicial educación
650 #4 - ASIENTO SECUNDARIO DE MATERIA--TÉRMINO DE MATERIA
9 (RLIN) 29432
Término de materia o nombre geográfico como elemento inicial modelo matemático
650 #4 - ASIENTO SECUNDARIO DE MATERIA--TÉRMINO DE MATERIA
9 (RLIN) 29379
Término de materia o nombre geográfico como elemento inicial nación
653 10 - TÉRMINO DE INDEXACIÓN--NO CONTROLADO
Término no controlado Educación
700 1# - ENCABEZAMIENTO SECUNDARIO--NOMBRE PERSONAL
9 (RLIN) 35535
Nombre de persona Seshadri, Ananth
773 0# - ENTRADA DE DOCUMENTO FUENTE
Itemnumber del ítem fuente 82219
Lugar, editor y fecha de publicación Nashville (Broadway, 2014, Suite 305, TN 37293) American Economic Association
Otro identificador del documento 085123
Título The American economic review
Número de control del registro relacionado (ES-MaCES)25404
Parte(s) relacionada(s) vol. 104, no. 9 (Sept. 2014) {10394 R. 085123} ;p. 2736-2762
902 ## - CES. TIPO DE DOCUMENTO
Tipodoc (006$c Sirtex) ART Artículo de revista
942 ## - ELEMENTOS KOHA
Fuente de clasificaión o esquema Clasificación propia del CES
Koha [por defecto] tipo de item Artículos (1982-2017)
Parte de clasificación Educación

No hay ítems disponibles.

© CES, Consejo Económico y Social de España 2021